00375nam a2200181Ia 4500003000400000005001700004006001900021007000300040008004100043024001000084037001200094040002000106041001300126082001400139100001800153245001300171260000900184OSt20220928145222.0a|||||r|||| 00| 0 ta220927b |||||||| |||| 00| 0 eng d a79501 cTextual aSDCLcSDCLbeng 2engaeng aWxL48, M9 aDinwiddy John 0aBentham. c1989